000 00728nam a2200241Ia 4500
003 OSt
005 20220928132846.0
006 a|||||r|||| 00| 0
007 ta
008 220927b |||||||| |||| 00| 0 eng d
024 _a35522
037 _cTextual
040 _aSDCL
_cSDCL
_beng
041 _2eng
_aeng
082 _aX:(G:55), N9.1-.2
100 _aWillis Kenneth G Ed.
_9483253
245 0 _aEnvironmental valuation.
260 _aCheltenham
_bElgar Reference Collection
_c1999
700 _a Button Kenneth Ed.
_9443778
700 _a Nijkamp Peter Ed.
_9412952
942 _hX:(G:55), N9.1-.2
_cTEXL
_2CC
999 _c796164
_d796164